000 00747nam a22001697a 4500
999 _c60949
_d60949
005 20231128173252.0
008 231128s1955 ru ||||| |||| 00| 0 rus d
041 _arus
080 _a902.01 A-88
100 _aАрциховский, Артемий Владимирович
_920501
245 _aОсновы археологии :
_bУчебник для исторических факультетов университетов и педагогических институтов /
_cА.В.Арциховский.
250 _aВторое издание
264 _aМосква :
_bГосполитиздат,
_c1955.
300 _a279 с.
_bил. ;
_c23 см.
653 _aარქეოლოგია
942 _2udc
_cᲬᲘᲒᲜᲘ